000 00715nam a2200229Ia 4500
005 20241129110102.0
008 241129s9999||||xx |||||||||||||| ||und||
020 _a978-1-03-252383-5
037 _aTB
040 _aARTS
_beng
_cARTS
041 _aeng
_2eng
084 _aR3xN R4
_qARTS
100 _aMarshall Gwendolyn Au.; Sreedhar Susanne Au.
_9727154
245 0 _aNew modern philosophy: the inclusive anthology of primary sources
_cMarshall Gwendolyn Au.; Sreedhar Susanne Au.
250 _a2nd
260 _aNew York, USA
_bRoutledge
_c2023
300 _axxxvii,804p.
365 _aUKP
_b46.99
650 _aPhilosophyMetaphysics
_9726837
942 _cTB
_hR3xN R4
999 _c1227245
_d1227245